000 00415 a2200133 4500
001 91367
082 _aPR 1270
090 _c43489
_d43488
100 _aNoman Imran; Prof Amir Mansoor (Advisor)
245 _aStructural Modification and Analysis of Super Mushshak A/C to convert it from two Seater Aircraft
_n48 "A" EC
260 _aKarachi
_bNED University
_c1998
300 _a82p
500 _aBE Project Reports
942 _aCAE NUST
_kPR 1270
999 _c326440
_d326440